|
|
|
|
| LEADER |
00929nam a2200277 a 4500 |
| 001 |
GR-MES3596 |
| 008 |
991111s gr 000 b eng d |
| 020 |
|
|
|a 0070965188
|
| 040 |
|
|
|a GrPaTEI
|b gre
|c GR-PaULI
|
| 245 |
0 |
0 |
|a Managerial economics :
|b Concepts and cases.
|
| 260 |
|
|
|a New Delhi :
|b McGraw-Hill,
|c c1977
|
| 300 |
|
|
|a 354σελ. :
|b πιν.,σχημ.
|
| 650 |
|
4 |
|a Κεφάλαιο
|
| 650 |
|
4 |
|a ΚΟΣΤΟΣ
|
| 650 |
|
4 |
|a Μάνατζμεντ
|
| 650 |
|
4 |
|a Οικονομία
|
| 650 |
|
4 |
|a Παραγωγή
|
| 650 |
|
4 |
|a ΤΙΜΕΣ
|
| 700 |
1 |
|
|a Gupta, G. S.
|
| 700 |
1 |
|
|a Mote, V. L.
|
| 700 |
1 |
|
|a Paul, S.
|
| 710 |
0 |
|
|a McGraw-Hill
|
| 942 |
|
|
|2 ddc
|
| 952 |
|
|
|0 0
|1 0
|2 ddc
|4 0
|6 658_150000000000000_MOT
|7 0
|9 268205
|a MSLG
|b MSLG
|c BSC
|d 2021-01-17
|e 24
|f 0
|g 0.00
|l 0
|o 658.15 MOT
|p 2420000002646
|r 2021-01-17 00:00:00
|t 1
|w 2021-01-17
|y BK15
|x 19991111 0 1
|x GrPaTEI
|
| 971 |
|
|
|a .b25746418
|b 15-04-20
|c 13-09-16
|
| 999 |
|
|
|c 154500
|d 154500
|